[Event "Isthmia op 3rd"]
[Site "Vrachati"]
[Date "2013.08.20"]
[Round "4"]
[White "Hrisanthopoulos, Dimitrios"]
[Black "Simeonidis, Ioannis"]
[Result "0-1"]
[WhiteElo "2038"]
[BlackElo "2226"]
[PlyCount "66"]
[EventDate "2013.08.18"]
[EventType "swiss"]
[EventRounds "9"]
[EventCountry "GRE"]
[SourceTitle "CBM 156 Extra"]
[Source "ChessBase"]
[SourceDate "2013.10.22"]
[SourceVersion "1"]
[SourceVersionDate "2013.10.22"]
[SourceQuality "1"]

1. e4 e5 2. Nf3 Nc6 3. c3 d5 4. Qa4 f6 5. Bb5 Nge7 6. exd5 Qxd5 7. d3 Bf5 8.
Bc4 Qd7 9. d4 Nd5 10. Qd1 Nb6 11. Bb5 O-O-O 12. Be3 g5 13. a4 a6 14. a5 Nd5 15.
Be2 Qe8 16. O-O h5 17. Re1 h4 18. Nfd2 exd4 19. Bxd4 Nxd4 20. cxd4 Qd7 21. Nc3
Nb4 22. Nde4 Qxd4 23. Bg4 Qe5 24. Nd6+ Qxd6 25. Bxf5+ Kb8 26. Qb3 Qf4 27. Be4
Rd2 28. Rf1 f5 29. Qf7 fxe4 30. Qe8+ Ka7 31. Nb5+ axb5 32. a6 Qxh2+ 33. Kxh2
Bd6+ 0-1

[Event "Rewal op-B 18th"]
[Site "Rewal"]
[Date "2013.08.20"]
[Round "1"]
[White "Woloch, Oskar"]
[Black "Pietinen, Pekka"]
[Result "1-0"]
[WhiteElo "1779"]
[BlackElo "2015"]
[PlyCount "89"]
[EventDate "2013.08.20"]
[EventType "swiss"]
[EventRounds "9"]
[EventCountry "POL"]
[SourceTitle "CBM 156 Extra"]
[Source "ChessBase"]
[SourceDate "2013.10.22"]
[SourceVersion "1"]
[SourceVersionDate "2013.10.22"]
[SourceQuality "1"]

1. e4 e5 2. Nf3 Nc6 3. c3 d5 4. Qa4 f6 5. Bb5 Nge7 6. O-O a6 7. exd5 Qxd5 8.
Bc4 Qd7 9. Re1 Nd8 10. Qxd7+ Bxd7 11. d4 exd4 12. Nxd4 c5 13. Nb3 b6 14. Bf4
Bc6 15. a4 Kd7 16. a5 Ng6 17. Bg3 b5 18. Be2 Kc8 19. N1d2 f5 20. Bh5 Ra7 21.
Rad1 Re7 22. Bxg6 hxg6 23. Nf1 Nb7 24. Ne3 Rd7 25. c4 b4 26. Nd5 Bxd5 27. Re8+
Nd8 28. Rxd5 Rxd5 29. cxd5 Kd7 30. Re2 Bd6 31. Be5 Bxe5 32. Rxe5 Kd6 33. f4 g5
34. Nd2 g6 35. Nc4+ Kd7 36. fxg5 Rh5 37. b3 Rxg5 38. Nb6+ Kd6 39. Nc4+ Kd7 40.
Nb6+ Kd6 41. Re8 Nb7 42. Re6+ Kc7 43. Rc6+ Kb8 44. Rc8+ Ka7 45. Ra8# 1-0

[Event "Berlin Lichtenberger op 12th"]
[Site "Berlin"]
[Date "2013.08.18"]
[Round "2"]
[White "Barwich, Andreas"]
[Black "Linden, Raimund"]
[Result "1-0"]
[WhiteElo "1935"]
[BlackElo "1740"]
[PlyCount "53"]
[EventDate "2013.08.17"]
[EventType "swiss"]
[EventRounds "9"]
[EventCountry "GER"]
[SourceTitle "CBM 156 Extra"]
[Source "ChessBase"]
[SourceDate "2013.10.22"]
[SourceVersion "1"]
[SourceVersionDate "2013.10.22"]
[SourceQuality "1"]

1. e4 e5 2. Nf3 Nc6 3. c3 d6 4. d4 Be7 5. dxe5 Nxe5 6. Nxe5 dxe5 7. Qxd8+ Bxd8
8. Bc4 Nf6 9. f3 O-O 10. Be3 c6 11. Nd2 Bc7 12. Kf2 Re8 13. Rhd1 b5 14. Bb3 Nd7
15. a4 bxa4 16. Bxa4 Bb7 17. Nb3 Red8 18. Rxd7 Rxd7 19. Nc5 Rad8 20. Nxb7 Rb8
21. Bxc6 Rxb7 22. Bxb7 Bb8 23. Bd5 Kf8 24. c4 g6 25. c5 f5 26. c6 Rg7 27. Bh6
1-0

[Event "Budapest op 3rd"]
[Site "Budapest"]
[Date "2013.08.18"]
[Round "2"]
[White "Kovacsy, Barnabas"]
[Black "Kormos, Adam"]
[Result "0-1"]
[WhiteElo "1508"]
[BlackElo "2198"]
[PlyCount "88"]
[EventDate "2013.08.17"]
[EventType "swiss"]
[EventRounds "9"]
[EventCountry "HUN"]
[SourceTitle "CBM 156 Extra"]
[Source "ChessBase"]
[SourceDate "2013.10.22"]
[SourceVersion "1"]
[SourceVersionDate "2013.10.22"]
[SourceQuality "1"]

1. e4 e5 2. Nf3 Nc6 3. c3 Nf6 4. d4 Nxe4 5. d5 Ne7 6. Nxe5 Ng6 7. Qf3 Nxe5 8.
Qxe4 Qe7 9. Bf4 d6 10. Be2 Ng6 11. Qxe7+ Bxe7 12. Bg3 Bf6 13. O-O O-O 14. Nd2
Bf5 15. Bf3 Rfe8 16. Rfe1 a5 17. Be4 Bxe4 18. Nxe4 Be5 19. Bxe5 Rxe5 20. Re2
Rae8 21. Rae1 Nf4 22. Re3 Nxd5 23. R3e2 f5 24. Ng3 Rxe2 25. Rxe2 Rxe2 26. Nxe2
a4 27. a3 Nb6 28. Nd4 Nc4 29. Nxf5 Nxb2 30. Ne3 Kf7 31. Kf1 Ke6 32. Ke2 d5 33.
Kd2 b5 34. f3 c5 35. g4 Nc4+ 36. Nxc4 dxc4 37. h4 Ke5 38. Ke3 b4 39. f4+ Kd5
40. Kd2 bxa3 41. Kc2 Ke4 42. f5 Kf4 43. h5 h6 44. g5 Kxg5 0-1

[Event "Troya op 21st"]
[Site "Canakkale"]
[Date "2013.08.17"]
[Round "1"]
[White "Gucin, Zafer"]
[Black "Celik, Abbas"]
[Result "1-0"]
[WhiteElo "2119"]
[BlackElo "1779"]
[PlyCount "71"]
[EventDate "2013.08.17"]
[EventType "swiss"]
[EventRounds "9"]
[EventCountry "TUR"]
[SourceTitle "CBM 156 Extra"]
[Source "ChessBase"]
[SourceDate "2013.10.22"]
[SourceVersion "1"]
[SourceVersionDate "2013.10.22"]
[SourceQuality "1"]

1. e4 e5 2. Nf3 Nc6 3. c3 d5 4. Qa4 Nf6 5. Nxe5 Nxe4 6. Nxc6 Qd7 7. Bb5 Nc5 8.
Ne5 Nxa4 9. Nxd7 Bxd7 10. Bxd7+ Kxd7 11. d4 Re8+ 12. Kd1 Bd6 13. b3 Nb6 14. Nd2
Re6 15. Re1 Rhe8 16. Rxe6 Rxe6 17. Nf3 h6 18. h4 a5 19. Bd2 c5 20. Be3 c4 21.
Rb1 Kc7 22. Nd2 f5 23. bxc4 Nxc4 24. Nxc4 dxc4 25. g3 f4 26. gxf4 Rf6 27. Rb5
b6 28. f5 Kc6 29. a4 Bc7 30. Ke2 Rf7 31. h5 Rd7 32. f6 gxf6 33. Bxh6 Rd5 34.
Bg7 Bf4 35. Rxd5 Kxd5 36. h6 1-0

[Event "Berlin Lichtenberger op 12th"]
[Site "Berlin"]
[Date "2013.08.17"]
[Round "1"]
[White "Lassan, Christian"]
[Black "Wierzbicki, Jirawat"]
[Result "1/2-1/2"]
[WhiteElo "2102"]
[BlackElo "1725"]
[PlyCount "85"]
[EventDate "2013.08.17"]
[EventType "swiss"]
[EventRounds "9"]
[EventCountry "GER"]
[SourceTitle "CBM 156 Extra"]
[Source "ChessBase"]
[SourceDate "2013.10.22"]
[SourceVersion "1"]
[SourceVersionDate "2013.10.22"]
[SourceQuality "1"]

1. e4 e5 2. Nf3 Nc6 3. c3 Nf6 4. d4 exd4 5. e5 Nd5 6. Bc4 Nb6 7. Bb3 dxc3 8.
O-O Be7 9. Nxc3 d6 10. exd6 cxd6 11. Bf4 a6 12. Re1 O-O 13. a4 Bg4 14. a5 Nc8
15. Bd5 N8a7 16. h3 Bh5 17. g4 Bg6 18. Qd2 Qd7 19. Na4 Rad8 20. Nb6 Qc7 21.
Rac1 Rfe8 22. b4 Nc8 23. Nd4 N8a7 24. Bg3 Bf6 25. Rxe8+ Rxe8 26. Nxc6 bxc6 27.
Bxd6 Qd8 28. Bg2 Be5 29. Nc4 Bxd6 30. Qxd6 Qxd6 31. Nxd6 Rd8 32. Re1 h6 33. Re7
Rxd6 34. Rxa7 Bd3 35. Bf1 Bb5 36. Bxb5 cxb5 37. Kg2 Rd4 38. Rxa6 Rxb4 39. Rb6
Rb3 40. a6 Ra3 41. Rxb5 Rxa6 42. Rb8+ Kh7 43. Rb7 1/2-1/2

[Event "?"]
[Site "?"]
[Date "2013.08.17"]
[Round "?"]
[White "Mantzouneas, Stavros"]
[Black "Tromp, Walter Alexander"]
[Result "0-1"]
[WhiteElo "1690"]
[BlackElo "1507"]
[PlyCount "42"]
[EventDate "2013.04.23"]
[SourceTitle "OM OTB B 201907"]
[Source "Opening Master"]
[SourceDate "2019.07.06"]
[SourceVersion "2"]
[SourceVersionDate "2019.07.06"]
[SourceQuality "1"]

1. e4 e5 2. Nf3 Nc6 3. c3 d5 4. Qa4 Qd7 5. exd5 Qxd5 6. Bb5 a6 7. Bxc6+ Qxc6 8.
Qb3 Bd7 9. Na3 Bxa3 10. Qxa3 Nf6 11. Nxe5 Qe6 12. f4 Ng4 13. Qa5 b6 14. Qa3
Nxe5 15. fxe5 Qxe5+ 16. Kf2 Qf4+ 17. Kg1 Qe4 18. Kf2 f5 19. d3 Qxd3 20. Be3
Qc2+ 21. Kg1 Bc6 0-1

[Event "Budapest FS08 GM"]
[Site "Budapest"]
[Date "2013.08.11"]
[Round "8"]
[White "Skytte, Rasmus"]
[Black "Santarius, Erik F"]
[Result "1/2-1/2"]
[WhiteElo "2431"]
[BlackElo "2263"]
[PlyCount "123"]
[EventDate "2013.08.03"]
[EventType "tourn"]
[EventRounds "9"]
[EventCountry "HUN"]
[EventCategory "7"]
[SourceTitle "CBM 155 Extra"]
[Source "ChessBase"]
[SourceDate "2013.08.26"]
[SourceVersion "1"]
[SourceVersionDate "2013.08.26"]
[SourceQuality "1"]

1. e4 e5 2. Nf3 Nc6 3. c3 Nf6 4. d4 Nxe4 5. d5 Ne7 6. Nxe5 Ng6 7. Nxg6 hxg6 8.
Bd3 Nf6 9. O-O Bd6 10. Re1+ Kf8 11. h3 Nxd5 12. Bxg6 Nf4 13. Bxf4 Bxf4 14. Re4
Bg5 15. Qf3 Bf6 16. Bf5 d5 17. Rf4 Be5 18. Rg4 Qf6 19. Bxc8 Qxf3 20. gxf3 Rxc8
21. Kg2 f5 22. Ra4 a6 23. Nd2 Rh6 24. Re1 Rg6+ 25. Kf1 Bh2 26. Re3 c5 27. Rh4
Rh6 28. Rxh6 gxh6 29. Re6 Rc6 30. Rxc6 bxc6 31. Nb3 Bd6 32. Ke2 Ke7 33. c4 Kd7
34. Kd3 Be7 35. f4 Kd6 36. Nc1 Bf6 37. b3 Bb2 38. Ne2 Ke6 39. Kc2 Bf6 40. Nc1
Bd4 41. Nd3 Kd6 42. Kd2 Kc7 43. Ke2 Kb6 44. Ne5 Kc7 45. Nd3 Kd6 46. Kf3 Kc7 47.
Ke2 Kd6 48. Kf3 Kc7 49. Ke2 Kb6 50. Ne5 Bxe5 51. fxe5 Kc7 52. f4 a5 53. Kd3 d4
54. a3 Kb6 55. h4 h5 56. Kc2 Kb7 57. Kd2 Kc7 58. Kd3 Kb6 59. b4 cxb4 60. axb4
axb4 61. Kxd4 c5+ 62. Kd3 1/2-1/2

[Event "Warsaw Najdorf Memorial op-B 11th"]
[Site "Warsaw"]
[Date "2013.08.09"]
[Round "6"]
[White "Wadelek, Karol"]
[Black "Lewandrowski, Tomasz"]
[Result "0-1"]
[WhiteElo "1844"]
[BlackElo "1777"]
[PlyCount "122"]
[EventDate "2013.08.05"]
[EventType "swiss"]
[EventRounds "9"]
[EventCountry "POL"]
[SourceTitle "CBM 155 Extra"]
[Source "ChessBase"]
[SourceDate "2013.08.26"]
[SourceVersion "1"]
[SourceVersionDate "2013.08.26"]
[SourceQuality "1"]

1. e4 e5 2. Nf3 Nc6 3. c3 Nf6 4. d4 exd4 5. e5 Nd5 6. Qb3 Nb6 7. cxd4 d5 8. a3
Be7 9. Bd3 O-O 10. h3 Nxd4 11. Nxd4 c5 12. Qc2 cxd4 13. Bxh7+ Kh8 14. Bd3 f5
15. Nd2 Nd7 16. Nf3 Nc5 17. Nxd4 Ne4 18. O-O Bc5 19. Nf3 Bb6 20. b3 Be6 21. Bb2
Rc8 22. Qe2 Ng3 23. Qd2 Nxf1 24. Rxf1 f4 25. Rd1 Qe8 26. Nh4 Bf7 27. Bf5 Rc6
28. e6 Rxe6 29. Bxe6 Qxe6 30. Qxf4 Kg8 31. Qg5 d4 32. Nf5 g6 33. Nxd4 Qe4 34.
Qg4 Qe7 35. Nf5 Qc5 36. Nh6+ Kh7 37. Qh4 Qxf2+ 38. Qxf2 Bxf2+ 39. Kxf2 Bxb3+
40. Ke2 Bxd1+ 41. Kxd1 Kxh6 42. Ke2 g5 43. Bd4 a6 44. Be3 Kg6 45. Bc5 Rc8 46.
Bb4 Kf5 47. Kd3 Rc6 48. Bd2 Rd6+ 49. Ke3 Rxd2 50. Kxd2 Kf4 51. Kd3 b5 52. Kd4
a5 53. Kc5 b4 54. axb4 axb4 55. Kxb4 Kg3 56. Kc3 Kxg2 57. Kd2 Kxh3 58. Ke1 Kg2
59. Ke2 g4 60. Ke1 g3 61. Ke2 Kh2 0-1

[Event "Leicestershire County Championships"]
[Site "?"]
[Date "2013.08.09"]
[Round "?"]
[White "Sharpe, Graham J"]
[Black "Colburn, Paul J"]
[Result "1-0"]
[WhiteElo "2122"]
[BlackElo "1978"]
[PlyCount "69"]
[EventDate "2013.??.??"]
[SourceTitle "OM OTB B 201907"]
[Source "Opening Master"]
[SourceDate "2019.07.06"]
[SourceVersion "2"]
[SourceVersionDate "2019.07.06"]
[SourceQuality "1"]

1. e4 e5 2. Nf3 Nc6 3. c3 Nf6 4. d4 exd4 5. e5 Nd5 6. Bb5 a6 7. Ba4 Nb6 8. Bb3
d5 9. cxd4 Bg4 10. Be3 f6 11. exf6 Qxf6 12. Nbd2 Bb4 13. O-O Bxd2 14. Qxd2 h6
15. Ne5 Bf5 16. Nxc6 bxc6 17. Bf4 O-O-O 18. Rac1 Kb7 19. a4 Rhf8 20. Be5 Qg6
21. Rc3 Rf7 22. Rfc1 Be4 23. Rg3 Qe6 24. Rgc3 Rdf8 25. f3 Bg6 26. a5 Nd7 27.
Bg3 Bh5 28. Ba4 Nb8 29. Rb3+ Kc8 30. Qb4 Kd7 31. Qb7 Rc8 32. Rbc3 Rf6 33. Re1
Qf7 34. Rce3 Qg6 35. Re7+ 1-0

[Event "NED-ch U20 op"]
[Site "Borne"]
[Date "2013.08.08"]
[Round "6"]
[White "De Lange, Steyn"]
[Black "Kompaan, Rick"]
[Result "1-0"]
[WhiteElo "1674"]
[BlackElo "1511"]
[PlyCount "49"]
[EventDate "2013.08.05"]
[EventType "swiss"]
[EventRounds "9"]
[EventCountry "NED"]
[SourceTitle "EXT 2015"]
[Source "ChessBase"]
[SourceDate "2014.11.20"]
[SourceVersion "1"]
[SourceVersionDate "2014.11.20"]
[SourceQuality "1"]

1. e4 e5 2. Nf3 Nc6 3. c3 Nf6 4. d4 exd4 5. e5 Ng8 6. cxd4 d6 7. Bb5 Bd7 8. Nc3
f6 9. e6 Bxe6 10. d5 Qe7 11. dxc6 Bd7+ 12. Qe2 Qxe2+ 13. Kxe2 Bxc6 14. Bxc6+
bxc6 15. Re1 O-O-O 16. Be3 c5 17. Kf1 d5 18. Na4 d4 19. Bd2 Kd7 20. Rac1 Rb8
21. Nxc5+ Bxc5 22. Rxc5 Rxb2 23. Bf4 c6 24. Rd1 Ne7 25. Nxd4 1-0

[Event "Major Open"]
[Site "?"]
[Date "2013.08.08"]
[Round "?"]
[White "Jones, Chris"]
[Black "Patel, Shyamal C"]
[Result "1/2-1/2"]
[WhiteElo "2066"]
[BlackElo "1960"]
[PlyCount "33"]
[EventDate "2013.??.??"]
[SourceTitle "OM OTB B 201907"]
[Source "Opening Master"]
[SourceDate "2019.07.06"]
[SourceVersion "2"]
[SourceVersionDate "2019.07.06"]
[SourceQuality "1"]

1. e4 e5 2. Nf3 Nc6 3. c3 d5 4. Qa4 dxe4 5. Nxe5 Qd5 6. Nxc6 bxc6 7. Bc4 Qd6 8.
d4 Nf6 9. O-O Be7 10. Bf4 Qd7 11. Nd2 Nd5 12. Bxd5 cxd5 13. Qxd7+ Kxd7 14. c4
c6 15. cxd5 cxd5 16. Rfe1 Bd6 17. Bxd6 1/2-1/2

[Event "Bad Godesberg op 17th"]
[Site "Bad Godesberg"]
[Date "2013.08.06"]
[Round "4"]
[White "Bitsch, Heinz"]
[Black "Karwatzki, Hans Juergen"]
[Result "1-0"]
[WhiteElo "1878"]
[BlackElo "1706"]
[PlyCount "109"]
[EventDate "2013.08.03"]
[EventType "swiss"]
[EventRounds "9"]
[EventCountry "GER"]
[SourceTitle "CBM 155 Extra"]
[Source "ChessBase"]
[SourceDate "2013.08.26"]
[SourceVersion "1"]
[SourceVersionDate "2013.08.26"]
[SourceQuality "1"]

1. e4 e5 2. Nf3 Nc6 3. c3 Nf6 4. d4 d6 5. d5 Ne7 6. Qc2 Ng6 7. Be2 Be7 8. O-O
O-O 9. c4 Bg4 10. Nc3 Rc8 11. Qb3 Rb8 12. h3 Bd7 13. Be3 a6 14. a4 Qc8 15. Kh2
Re8 16. Qc2 Kh8 17. b4 Ng8 18. Bd3 Nf6 19. Ne2 Nh5 20. c5 c6 21. Rfc1 Rf8 22.
cxd6 Bxd6 23. Bc5 Bxc5 24. Qxc5 Nhf4 25. Nxf4 Nxf4 26. Qe3 f6 27. h4 Qe8 28.
Bc4 cxd5 29. exd5 Rc8 30. g3 Ng6 31. a5 e4 32. Nd2 f5 33. Re1 Ne5 34. Be2 Qf7
35. Qd4 Qf6 36. Kh1 Rc2 37. Bd1 Rc7 38. f3 Rfc8 39. fxe4 fxe4 40. Nxe4 Rc4 41.
Qxc4 Rxc4 42. Nxf6 gxf6 43. Rf1 Kg7 44. Rf4 Rc3 45. Kg2 Rd3 46. Be2 Rxd5 47.
Rd1 Rxd1 48. Bxd1 Bc6+ 49. Kg1 h6 50. Bc2 Nf3+ 51. Kf2 Ne5 52. Ke3 Nf7 53. Be4
Ne5 54. Bxc6 Nxc6 55. h5 1-0

[Event "Bad Godesberg op 17th"]
[Site "Bad Godesberg"]
[Date "2013.08.06"]
[Round "4"]
[White "Schwab, Thomas"]
[Black "Von der Lippe, Hans Bernd"]
[Result "1-0"]
[WhiteElo "2053"]
[BlackElo "1679"]
[PlyCount "49"]
[EventDate "2013.08.03"]
[EventType "swiss"]
[EventRounds "9"]
[EventCountry "GER"]
[SourceTitle "CBM 155 Extra"]
[Source "ChessBase"]
[SourceDate "2013.08.26"]
[SourceVersion "1"]
[SourceVersionDate "2013.08.26"]
[SourceQuality "1"]

1. e4 e5 2. Nf3 Nc6 3. c3 Nf6 4. d4 d5 5. Bb5 Bd7 6. exd5 e4 7. Ng5 h6 8. dxc6
bxc6 9. Nxf7 Kxf7 10. Bc4+ Kg6 11. Be3 Bd6 12. Nd2 Qe7 13. Qe2 Rhe8 14. Bb3 Nd5
15. O-O-O Qh4 16. h3 a5 17. g3 Qe7 18. Nxe4 Bf5 19. Nxd6 Qxd6 20. Bc2 Qe6 21.
g4 Bxc2 22. Qxc2+ Qe4 23. Rhe1 a4 24. Bd2 Qxc2+ 25. Kxc2 1-0

[Event "NED-ch U20 op"]
[Site "Borne"]
[Date "2013.08.06"]
[Round "3"]
[White "Smink, Dion"]
[Black "Fan, Zhi Yang"]
[Result "0-1"]
[WhiteElo "1255"]
[BlackElo "1424"]
[PlyCount "78"]
[EventDate "2013.08.05"]
[EventType "swiss"]
[EventRounds "9"]
[EventCountry "NED"]
[SourceTitle "EXT 2015"]
[Source "ChessBase"]
[SourceDate "2014.11.20"]
[SourceVersion "1"]
[SourceVersionDate "2014.11.20"]
[SourceQuality "1"]

1. e4 e5 2. Nf3 Nc6 3. c3 d6 4. d4 exd4 5. cxd4 Nf6 6. d5 Ne7 7. Nc3 Ng6 8.
Qa4+ Nd7 9. Be3 a6 10. Rc1 Be7 11. Nb5 O-O 12. Nbd4 Nc5 13. Qc2 Bd7 14. b4 Ba4
15. Qb1 Nd7 16. Be2 Nf6 17. h3 Re8 18. O-O Bf8 19. Nd2 Bd7 20. f3 Nh5 21. Rc3
Nhf4 22. Bxf4 Nxf4 23. Qc2 Bxh3 24. gxh3 Qf6 25. N2b3 Re5 26. Kf2 Qh4+ 27. Ke3
Nxd5+ 28. Kd2 Qf4+ 29. Ke1 Nxc3 30. Qxc3 c5 31. bxc5 dxc5 32. Nxc5 Rxc5 33. Qb2
Qe3 34. Nc2 Rxc2 35. Qxc2 Bb4+ 36. Kd1 Rd8+ 37. Bd3 Rxd3+ 38. Qxd3 Qxd3+ 39.
Kc1 Ba3# 0-1

[Event "NED-ch U20 op"]
[Site "Borne"]
[Date "2013.08.06"]
[Round "2"]
[White "De Lange, Steyn"]
[Black "Jansen, Matthijs"]
[Result "1-0"]
[WhiteElo "1674"]
[BlackElo "1395"]
[PlyCount "71"]
[EventDate "2013.08.05"]
[EventType "swiss"]
[EventRounds "9"]
[EventCountry "NED"]
[SourceTitle "EXT 2015"]
[Source "ChessBase"]
[SourceDate "2014.11.20"]
[SourceVersion "1"]
[SourceVersionDate "2014.11.20"]
[SourceQuality "1"]

1. e4 e5 2. Nf3 Nc6 3. c3 Nf6 4. d4 d6 5. d5 Ne7 6. Bg5 h6 7. Bh4 Nxe4 8. Qa4+
Qd7 9. Qxe4 Qg4 10. Nbd2 f5 11. Qxg4 fxg4 12. Bxe7 Bxe7 13. Ng1 a6 14. Bd3 Bd7
15. Bg6+ Kd8 16. Ne2 Bb5 17. c4 Be8 18. Bf5 h5 19. Ne4 Rf8 20. Be6 Bg6 21. N2c3
b6 22. O-O Rf4 23. Rae1 b5 24. g3 Rf6 25. cxb5 axb5 26. a3 Rb8 27. Rc1 b4 28.
axb4 Rxb4 29. Ra1 c5 30. Ra8+ Kc7 31. Ra7+ Kb8 32. Rxe7 Bxe4 33. Nxe4 Rxe4 34.
Ra1 Rb4 35. Rea7 Rb7 36. Ra8+ 1-0

[Event "Vlissingen HZ op 17th"]
[Site "Vlissingen"]
[Date "2013.08.05"]
[Round "4"]
[White "Van Osch, Mees"]
[Black "Cebula, Jerzy"]
[Result "1/2-1/2"]
[WhiteElo "2163"]
[BlackElo "1981"]
[PlyCount "105"]
[EventDate "2013.08.03"]
[EventType "swiss"]
[EventRounds "9"]
[EventCountry "NED"]
[SourceTitle "CBM 155 Extra"]
[Source "ChessBase"]
[SourceDate "2013.08.26"]
[SourceVersion "1"]
[SourceVersionDate "2013.08.26"]
[SourceQuality "1"]

1. e4 e5 2. Nf3 Nc6 3. c3 d5 4. Qa4 f6 5. d3 Be6 6. Nbd2 Nge7 7. b4 a6 8. Be2
b5 9. Qc2 d4 10. Bb2 dxc3 11. Qxc3 Qd6 12. a3 Kf7 13. O-O g6 14. Rfd1 Bg7 15.
Rac1 Rhd8 16. Nb3 Bxb3 17. Qxb3+ Qe6 18. Qxe6+ Kxe6 19. d4 exd4 20. Nxd4+ Nxd4
21. Bxd4 c6 22. Bg4+ Kf7 23. Bb6 Rxd1+ 24. Rxd1 f5 25. exf5 gxf5 26. Bf3 Bb2
27. Bc5 Re8 28. Rd7 Ke6 29. Ra7 Bxa3 30. Rxa6 Bb2 31. g3 Rc8 32. Kf1 Nd5 33.
Ra7 h6 34. Ke2 Bc3 35. Kd3 Bf6 36. Bh5 Be7 37. Bxe7 Nxe7 38. Bf3 Rd8+ 39. Kc3
Rd6 40. Rc7 Rd7 41. Rxd7 Kxd7 42. Kd4 Kd6 43. Bg2 Ng6 44. f4 Nf8 45. Bh3 Ne6+
46. Kc3 Ng7 47. g4 fxg4 48. Bxg4 h5 49. Bh3 c5 50. bxc5+ Kxc5 51. Bd7 b4+ 52.
Kb3 Kd4 53. h4 1/2-1/2

[Event "corr freechess"]
[Site "freechess.de"]
[Date "2013.08.05"]
[Round "?"]
[White "Herrmann, Erhard"]
[Black "Schiff, Armin"]
[Result "0-1"]
[WhiteElo "1562"]
[BlackElo "1714"]
[PlyCount "138"]
[EventDate "2013.??.??"]
[EventType "tourn (corr)"]
[SourceTitle "OM Corr 202003"]
[Source "Opening Master"]
[SourceDate "2019.05.30"]
[SourceVersion "2"]
[SourceVersionDate "2019.05.30"]
[SourceQuality "1"]

1. e4 e5 2. Nf3 Nc6 3. c3 Nf6 4. d3 d6 5. Be2 Bg4 6. h3 Bh5 7. Be3 Be7 8. Nbd2
h6 9. Nh4 Bxe2 10. Qxe2 Qd7 11. Nf5 Bf8 12. O-O g6 13. Ng3 Bg7 14. Rac1 O-O-O
15. f3 Rdf8 16. f4 exf4 17. Rxf4 Ne8 18. d4 Kb8 19. Qf2 Nd8 20. Rf1 h5 21. Ne2
Bh6 22. Rf3 Bxe3 23. Qxe3 f6 24. Nf4 Qg7 25. b3 Rh6 26. R3f2 g5 27. Ne2 Qe7 28.
b4 Ng7 29. e5 dxe5 30. dxe5 Re8 31. Rxf6 Rxf6 32. Rxf6 Qxf6 33. exf6 Rxe3 34.
fxg7 Re8 35. Ng3 h4 36. Nf5 Ne6 37. Nf3 Rg8 38. Ne5 Nxg7 39. Nd7+ Ka8 40. Nd4
Rd8 41. Nf6 b6 42. Ne4 Rd5 43. g4 hxg3 44. Nxg3 c5 45. bxc5 bxc5 46. Nb5 Rd1+
47. Kf2 Rd2+ 48. Ke3 Rh2 49. Kf3 Rxh3 50. Kg4 Rh2 51. a3 Ne8 52. Nxa7 Kxa7 53.
Kxg5 Rg2 54. Kf4 Nd6 55. Kf3 Rxg3+ 56. Kxg3 Ne4+ 57. Kf3 Nxc3 58. Ke3 Kb6 59.
Kd3 Nb5 60. a4 Nd6 61. Kc3 Ka5 62. Kb3 c4+ 63. Ka3 Ne4 64. Kb2 Kxa4 65. Ka2 c3
66. Kb1 Kb3 67. Ka1 Nc5 68. Kb1 c2+ 69. Kc1 Nd3+ 0-1

[Event "Bad Godesberg op 17th"]
[Site "Bad Godesberg"]
[Date "2013.08.04"]
[Round "2"]
[White "Wahl, Hedi"]
[Black "Vieten, Michael"]
[Result "1/2-1/2"]
[WhiteElo "1557"]
[BlackElo "1674"]
[PlyCount "64"]
[EventDate "2013.08.03"]
[EventType "swiss"]
[EventRounds "9"]
[EventCountry "GER"]
[SourceTitle "CBM 155 Extra"]
[Source "ChessBase"]
[SourceDate "2013.08.26"]
[SourceVersion "1"]
[SourceVersionDate "2013.08.26"]
[SourceQuality "1"]

1. e4 e5 2. Nf3 Nc6 3. c3 Nf6 4. d3 Be7 5. Be2 O-O 6. O-O d5 7. Nbd2 Bg4 8. h3
Bh5 9. b4 a6 10. a3 d4 11. Bb2 Nd7 12. cxd4 exd4 13. Nb3 Bxf3 14. Bxf3 Bf6 15.
Rc1 Re8 16. Rc2 Nde5 17. Be2 Qd6 18. f4 Ng6 19. e5 Ngxe5 20. fxe5 Bxe5 21. Nd2
Bf4 22. Nf3 Be3+ 23. Kh1 Re6 24. Bc1 Rae8 25. Bxe3 Rxe3 26. Rf2 Qg3 27. Qe1
Rxd3 28. Rf1 Qxe1 29. Nxe1 Rde3 30. Rf2 d3 31. Nxd3 Nd4 32. Rxc7 Nxe2 1/2-1/2

[Event "Politiken Cup 35th"]
[Site "Helsingor"]
[Date "2013.08.03"]
[Round "9"]
[White "Hanssen, Johnny"]
[Black "Nielsen, Jan Mose"]
[Result "0-1"]
[WhiteElo "1879"]
[BlackElo "2088"]
[PlyCount "64"]
[EventDate "2013.07.27"]
[EventType "swiss"]
[EventRounds "10"]
[EventCountry "DEN"]
[SourceTitle "CBM 155 Extra"]
[Source "ChessBase"]
[SourceDate "2013.08.26"]
[SourceVersion "1"]
[SourceVersionDate "2013.08.26"]
[SourceQuality "1"]

1. e4 e5 2. Nf3 Nc6 3. c3 f5 4. Qa4 fxe4 5. Qxe4 d5 6. Qc2 e4 7. Nd4 Nxd4 8.
cxd4 c6 9. d3 Bf5 10. dxe4 Bxe4 11. Bd3 Nf6 12. f3 Bxd3 13. Qxd3 Bd6 14. Be3
Qc7 15. Nc3 O-O 16. O-O-O Rae8 17. Kb1 Bxh2 18. g4 Bf4 19. Bf2 g6 20. Rdg1 Re7
21. Rh3 Rfe8 22. Rgh1 b5 23. Bh4 Qd6 24. Nd1 Rf7 25. Bf2 a5 26. Rg1 Nd7 27.
Rgh1 Nf8 28. Be3 Rfe7 29. Re1 Ne6 30. Qd2 Bxe3 31. Nxe3 Qf4 32. Rd1 Ng5 0-1

[Event "Styrian op U08/12 20th"]
[Site "Mureck"]
[Date "2013.08.02"]
[Round "3"]
[White "Lackner, Lorenz"]
[Black "Hanc, Nejc"]
[Result "0-1"]
[WhiteElo "1139"]
[BlackElo "942"]
[PlyCount "78"]
[EventDate "2013.07.31"]
[EventType "swiss"]
[EventRounds "9"]
[EventCountry "AUT"]
[SourceTitle "EXT 2015"]
[Source "ChessBase"]
[SourceDate "2014.11.20"]
[SourceVersion "1"]
[SourceVersionDate "2014.11.20"]
[SourceQuality "1"]

1. e4 e5 2. Nf3 Nc6 3. c3 Nf6 4. Qc2 Bc5 5. Bb5 d6 6. d4 exd4 7. cxd4 Bb4+ 8.
Nc3 Bd7 9. Bg5 h6 10. Bxf6 Qxf6 11. d5 Bxc3+ 12. bxc3 Nb8 13. Rb1 Bxb5 14. Rxb5
b6 15. O-O O-O 16. Re1 Re8 17. Qb2 Nd7 18. Qb4 Nc5 19. Qd4 Qxd4 20. Nxd4 Rxe4
21. Rxe4 Nxe4 22. Rb3 Re8 23. h3 Nf6 24. c4 Re1+ 25. Kh2 Rc1 26. Rb4 Ne4 27. f3
Nd2 28. Nb5 a5 29. Ra4 Nxc4 30. Kg3 Ne3 31. Re4 Nxd5 32. Re8+ Kh7 33. Rc8 Nb4
34. a3 Nd5 35. Nxd6 Kg6 36. f4 Rc3+ 37. Kg4 h5+ 38. Kh4 Nxf4 39. g3 Ng2# 0-1

[Event "Campobasso op 20th"]
[Site "Campobasso"]
[Date "2013.08.02"]
[Round "1"]
[White "Aleksic, Nenad"]
[Black "Palladino, Andrea"]
[Result "1-0"]
[WhiteElo "2357"]
[BlackElo "1965"]
[PlyCount "53"]
[EventDate "2013.08.02"]
[EventType "swiss"]
[EventRounds "6"]
[EventCountry "ITA"]
[SourceTitle "EXT 2015"]
[Source "ChessBase"]
[SourceDate "2014.11.20"]
[SourceVersion "1"]
[SourceVersionDate "2014.11.20"]
[SourceQuality "1"]

1. e4 e5 2. Nf3 Nc6 3. c3 Nf6 4. d3 Be7 5. Be2 O-O 6. O-O d5 7. Nbd2 h6 8. b4
d4 9. b5 dxc3 10. bxc6 cxd2 11. Bb2 bxc6 12. Nxe5 Bb7 13. Bc3 c5 14. Qxd2 Bd6
15. Nc4 Ba6 16. e5 Bxc4 17. exf6 Bd5 18. fxg7 Bxh2+ 19. Kxh2 Qh4+ 20. Kg1 Rfe8
21. f4 Rad8 22. Bf3 Bc4 23. Rfe1 Be6 24. Bc6 Re7 25. Qf2 Qxf2+ 26. Kxf2 Rxd3
27. Bf6 1-0